000
00295nam a2200121Ia 4500
005
20251222175925.0
008
251222s9999||||xx |||||||||||||| ||spa||
082
_a
353.4/P27
100
_a
Pásara, Luis
245
0
_a
En Busca de una Justicia Distinta:
264
_b
Justicia Viva
942
_c
LIB
999
_c
40807
_d
40807